000 00424nam a22001697a 4500
005 20160527122605.0
008 160527b xxu||||| |||| 00| 0 eng d
020 _a81-297-0172-3
041 _aeng
082 _b5528
100 _aChopra, Sunil & Meindi , Peter
_91387
245 _aSupply Chain Management
260 _aNew Delhi
_bAcademic Faundation
_c2005
300 _a557
650 _aManagement
_9241
942 _cBK
999 _c1965
_d1964